ORD Direct Flights - Statistics

General Stats
  • This quiz has been taken 14 times
    3 since last reset
  • The average score is 196 of 267
Answers on the Map
Answers color-coded by a green-red scale on the quiz's map according to % correct below.
 
Answer Stats
Answer % Correct
Abu Dhabi
100%
Addis Ababa
100%
Akron-Canton
100%
Albany
100%
Albuquerque
100%
Amman
100%
Amsterdam
100%
Anchorage
100%
Appleton
100%
Aruba
100%
Asheville
100%
Aspen
100%
Athens
100%
Atlanta
100%
Augusta
100%
Austin
100%
Baltimore/Washington D.C.
100%
Bangor
100%
Barcelona-El Prat
100%
Belgrade
100%
Belize City
100%
Billings
100%
Bogotá
100%
Boise
100%
Boston
100%
Bozeman
100%
Brussels
100%
Buffalo/Niagara Falls
100%
Calgary
100%
Cancún
100%
Charlotte
100%
Chattanooga
100%
Cincinnati/Northern Kentucky
100%
Cleveland
100%
Colorado Springs
100%
Columbus
100%
Copenhagen
100%
Dallas-Fort Worth
100%
Dallas Love Field
100%
Dayton
100%
Delhi
100%
Denver
100%
Des Moines
100%
Detroit
100%
Doha
100%
Dubai
100%
Dublin
100%
Edinburgh
100%
Edmonton
100%
Fairbanks
100%
Fort Lauderdale-Hollywood
100%
Fort Myers
100%
Frankfurt
100%
Grand Rapids
100%
Guadalajara
100%
Guatemala City
100%
Halifax
100%
Harrisburg
100%
Hartford
100%
Hong Kong
100%
Honolulu
100%
Indianapolis
100%
Istanbul
100%
Jackson WY
100%
Kahului
100%
Kailua-Kona
100%
Kalamazoo/Battle Creek
100%
Key West
100%
Knoxville
100%
Kraków
100%
Las Vegas
100%
Lexington
100%
Lisbon
100%
London
100%
Los Angeles
100%
Los Cabos
100%
Louisville
100%
Madrid
100%
Manchester-Boston
100%
Mexico City MEX
100%
Miami
100%
Milan
100%
Milwaukee
100%
Montréal
100%
Munich
100%
Myrtle Beach
100%
Nantucket
100%
Naples
100%
Nassau
100%
Newark-New York
100%
New Orleans
100%
New York City JFK
100%
New York City LGA
100%
Norfolk
100%
Oklahoma City
100%
Omaha
100%
Ontario
100%
Orlando
100%
Palm Springs
100%
Panama City PA
100%
Paris
100%
Philadelphia
100%
Phoenix
100%
Pittsburgh
100%
Portland ME
100%
Portland OR
100%
Providence
100%
Punta Cana
100%
Reno-Tahoe
100%
Reykjavík-Keflavík
100%
Rochester NY
100%
Rome-Fiumicino
100%
Sacramento
100%
Salt Lake City
100%
San Antonio
100%
San Diego
100%
San Francisco
100%
San Jose
100%
San José
100%
San Juan
100%
San Salvador
100%
Santa Ana
100%
São Paulo/Guarulhos
100%
Sarasota-Bradenton
100%
Savannah/Hilton Head
100%
Seattle-Tacoma
100%
Seoul-Incheon
100%
Shannon
100%
South Bend
100%
Springfield-Branson
100%
Springfield IL
100%
St. Louis
100%
St. Thomas
100%
Syracuse
100%
Taipei-Taoyuan
100%
Tampa
100%
Tokyo Haneda
100%
Tokyo-Narita
100%
Toronto
100%
Traverse City
100%
Tucson
100%
Vancouver
100%
Vienna
100%
Warsaw
100%
Washington Dulles
100%
Washington Reagan
100%
Zürich
100%
Barnstable
67%
Birmingham
67%
Bismarck
67%
Burlington IA
67%
Burlington VT
67%
Cedar Rapids/Iowa City
67%
Charleston SC
67%
Charlottesville
67%
Duluth
67%
El Paso
67%
Fargo
67%
Flint
67%
Fort Wayne
67%
Fresno
67%
Grand Cayman
67%
Green Bay
67%
Helsinki-Vantaa
67%
Houston
67%
Huntsville
67%
Jackson TN
67%
Jacksonville
67%
Kansas City
67%
Lansing
67%
Lehigh Valley
67%
León/Guanajuato
67%
Lincoln
67%
Little Rock
67%
Madison
67%
Martha's Vineyard
67%
Memphis
67%
Mexico City NLU
67%
Minneapolis-St. Paul
67%
Missoula
67%
Montego Bay
67%
Monterrey
67%
Nashville
67%
Ottawa
67%
Palm Beach
67%
Pensacola
67%
Peoria
67%
Puerto Vallarta
67%
Québec City
67%
Raleigh-Durham
67%
Richmond
67%
Saginaw/Midland/Bay City
67%
Santa Fe
67%
Sault Ste. Marie
67%
Sioux City
67%
Sioux Falls
67%
Spokane
67%
Tulsa
67%
Vail
67%
Winnipeg
67%
Bloomington-Normal
33%
Charleston WV
33%
Columbia MO
33%
Columbia SC
33%
Cozumel
33%
Curaçao
33%
Decatur
33%
Dubuque
33%
Eau Claire
33%
Evansville
33%
Greenville-Spartanburg
33%
Hilton Head Island
33%
Ironwood/Hurley
33%
Ixtapa-Zihuatanejo
33%
Kalispell
33%
La Crosse
33%
Liberia
33%
Manistee
33%
Marquette
33%
Montrose
33%
Morelia
33%
Morgantown
33%
Muskegon
33%
New Haven
33%
Northwest Arkansas
33%
Panama City FL
33%
Pellston
33%
Piedmont Triad
33%
Providenciales
33%
Quad Cities
33%
Querétaro
33%
Rapid City
33%
Roanoke-Blacksburg
33%
Salina
33%
Sint Maarten
33%
State College
33%
St. Lucia
33%
Westchester County
33%
Wichita
33%
Wilkes-Barre/Scranton
33%
Wilmington
33%
Yampa Valey
33%
Cape Girardeau
0%
Champaign-Urbana
0%
Destin-Fort Walton Beach
0%
Fort Dodge
0%
Gunnison-Crested Butte
0%
Hancock/Houghton
0%
Harlingen
0%
Idaho Falls
0%
Johnstown
0%
Joplin
0%
Kirksville
0%
Lafayette
0%
Lewisburg
0%
Manhattan
0%
Marion
0%
Mason City
0%
Owensboro
0%
Quincy
0%
Rhinelander
0%
Rochester MN
0%
St. Croix
0%
Sun Valley/Hailey
0%
Waterloo
0%
Wausau
0%
Waynesville-St. Robert
0%
No matching quizzes found
Score Distribution
Percent of People with Each Score
Percentile by Number Answered
Your Score History
You have not taken this quiz since the last reset